[Event "European Women's Championship"]
[Site "Vysoke Tatry"]
[Date "2018.04.17"]
[Round "9"]
[White "Pogonina, Natalija"]
[Black "Tomilova, Elena"]
[Result "1-0"]
[Board "19"]
[WhiteElo "2474"]
[WhiteTitle "WGM"]
[WhiteCountry "RUS"]
[WhiteFideId "4147855"]
[WhiteEloChange "3"]
[BlackElo "2326"]
[BlackTitle "WIM"]
[BlackCountry "RUS"]
[BlackFideId "4162340"]
[BlackEloChange "-6"]

1. d4 {[%clk 1:30:57]} d5 {[%clk 1:30:55]} 2. c4 {[%clk 1:31:22]} e6 {[%clk
1:31:21]} 3. Nc3 {[%clk 1:26:37]} Nf6 {[%clk 1:31:08]} 4. Bg5 {[%clk 1:24:22]}
Be7 {[%clk 1:30:04]} 5. Nf3 {[%clk 1:24:15]} Nbd7 {[%clk 1:27:03]} 6. e3 {[%clk
1:24:03]} c6 {[%clk 1:25:36]} 7. Bd3 {[%clk 1:16:41]} dxc4 {[%clk 1:23:48]} 8.
Bxc4 {[%clk 1:17:06]} Nd5 {[%clk 1:24:00]} 9. Bxe7 {[%clk 1:12:59]} Qxe7 {[%clk
1:24:22]} 10. O-O {[%clk 1:12:15]} Nxc3 {[%clk 1:19:01]} 11. bxc3 {[%clk
1:12:40]} O-O {[%clk 1:19:23]} 12. e4 {[%clk 1:10:51]} e5 {[%clk 1:12:08]} 13.
Bd3 {[%clk 1:08:00]} c5 {[%clk 1:09:41]} 14. d5 {[%clk 1:04:16]} Nb6 {[%clk
0:56:29]} 15. Nd2 {[%clk 1:01:16]} Qh4 {[%clk 0:52:10]} 16. Qe2 {[%clk 0:53:19]}
Bd7 {[%clk 0:51:07]} 17. Rab1 {[%clk 0:49:57]} Rad8 {[%clk 0:36:19]} 18. c4
{[%clk 0:41:35]} Bc8 {[%clk 0:31:46]} 19. Nb3 {[%clk 0:30:18]} Na4 {[%clk
0:29:53]} 20. Qe3 {[%clk 0:25:38]} Rd6 {[%clk 0:29:03]} 21. f4 {[%clk 0:22:19]}
Rh6 {[%clk 0:23:49]} 22. h3 {[%clk 0:19:10]} exf4 {[%clk 0:24:00]} 23. Rxf4
{[%clk 0:18:05]} Qg5 {[%clk 0:23:11]} 24. Rf3 {[%clk 0:17:57]} Qe5 {[%clk
0:13:11]} 25. Nxc5 {[%clk 0:15:45]} Nc3 {[%clk 0:09:38]} 26. Rbf1 {[%clk
0:15:41]} Nxa2 {[%clk 0:09:13]} 27. Qf2 {[%clk 0:07:29]} Nb4 {[%clk 0:09:38]} 28.
Rxf7 {[%clk 0:07:34]} Rf6 {[%clk 0:09:59]} 29. Rxf8+ {[%clk 0:07:45]} Kxf8 {[%clk
0:10:28]} 30. Qe3 {[%clk 0:07:52]} Qc3 {[%clk 0:09:14]} 31. Rc1 {[%clk 0:05:04]}
Qe5 {[%clk 0:07:02]} 32. Nb3 {[%clk 0:03:26]} Nxd3 {[%clk 0:06:16]} 33. Qxd3
{[%clk 0:03:51]} Rf4 {[%clk 0:06:22]} 34. Rf1 {[%clk 0:01:08]} Rxf1+ {[%clk
0:06:02]} 35. Qxf1+ {[%clk 0:01:24]} Ke7 {[%clk 0:06:04]} 36. Qe1 {[%clk
0:00:51]} b6 {[%clk 0:04:40]} 37. Qe3 {[%clk 0:01:10]} Bd7 {[%clk 0:03:43]} 38.
Nd4 {[%clk 0:00:52]} g5 {[%clk 0:03:09]} 39. Nf3 {[%clk 0:00:49]} Qf4 {[%clk
0:03:35]} 40. Qa3+ {[%clk 0:30:47]} Ke8 {[%clk 0:33:33]} 41. Qxa7 {[%clk
0:19:51]} Qe3+ {[%clk 0:25:08]} 42. Kh2 {[%clk 0:16:19]} Qf4+ {[%clk 0:24:25]}
43. Kh1 {[%clk 0:11:14]} Qc1+ {[%clk 0:24:46]} 44. Ng1 {[%clk 0:11:05]} Qxc4
{[%clk 0:24:58]} 45. Qb8+ {[%clk 0:10:26]} Ke7 {[%clk 0:16:08]} 46. Qe5+ {[%clk
0:10:28]} Kf7 {[%clk 0:13:25]} 47. Qd6 {[%clk 0:10:38]} Bc8 {[%clk 0:11:47]} 48.
e5 {[%clk 0:10:33]} b5 {[%clk 0:10:40]} 49. Qf6+ {[%clk 0:07:52]} Ke8 {[%clk
0:10:50]} 50. Qh8+ {[%clk 0:07:20]} Kd7 {[%clk 0:11:06]} 51. e6+ {[%clk 0:03:38]}
Ke7 {[%clk 0:10:21]} 52. Qg7+ {[%clk 0:01:39]} Kd6 {[%clk 0:10:38]} 53. Qf8+
{[%clk 0:01:49]} Kxd5 {[%clk 0:10:43]} 54. e7 {[%clk 0:02:15]} Bd7 {[%clk
0:10:56]} 55. e8Q {[%clk 0:02:11]} Bxe8 {[%clk 0:11:20]} 56. Qxe8 {[%clk
0:02:38]} Qf1 {[%clk 0:08:54]} 57. Qg8+ {[%clk 0:02:38]} Kd4 {[%clk 0:08:51]} 58.
Qxg5 {[%clk 0:02:40]} b4 {[%clk 0:09:07]} 59. Kh2 {[%clk 0:02:41]} b3 {[%clk
0:09:16]} 60. Nf3+ {[%clk 0:03:00]} Kc3 {[%clk 0:09:28]} 61. Qd2+ {[%clk
0:02:13]} Kc4 {[%clk 0:09:48]} 62. Qd4+ {[%clk 0:02:32]} Kb5 {[%clk 0:10:13]} 63.
Qd5+ {[%clk 0:02:43]} Ka4 {[%clk 0:10:31]} 64. Qxb3+ {[%clk 0:03:01]} Kxb3 {[%clk
0:10:54]} 65. Nd2+ {[%clk 0:03:27]} 1-0

[Event "European Women's Championship"]
[Site "Vysoke Tatry"]
[Date "2018.04.17"]
[Round "9"]
[White "Sebag, Marie"]
[Black "Warakomska, Anna"]
[Result "1-0"]
[Board "20"]
[WhiteElo "2492"]
[WhiteTitle "GM"]
[WhiteCountry "FRA"]
[WhiteFideId "617822"]
[WhiteEloChange "3"]
[BlackElo "2306"]
[BlackTitle "WIM"]
[BlackCountry "POL"]
[BlackFideId "1130790"]
[BlackEloChange "-5"]

1. e4 {[%clk 1:30:57]} e5 {[%clk 1:30:42]} 2. Nf3 {[%clk 1:31:18]} Nc6 {[%clk
1:31:09]} 3. Bb5 {[%clk 1:31:40]} a6 {[%clk 1:31:35]} 4. Ba4 {[%clk 1:32:05]} Nf6
{[%clk 1:32:00]} 5. O-O {[%clk 1:32:29]} Be7 {[%clk 1:32:26]} 6. Re1 {[%clk
1:32:16]} b5 {[%clk 1:32:51]} 7. Bb3 {[%clk 1:32:43]} d6 {[%clk 1:33:15]} 8. c3
{[%clk 1:32:32]} O-O {[%clk 1:33:39]} 9. h3 {[%clk 1:32:49]} Nb8 {[%clk 1:33:35]}
10. d4 {[%clk 1:33:01]} Nbd7 {[%clk 1:34:01]} 11. c4 {[%clk 1:33:14]} c6 {[%clk
1:32:23]} 12. Nc3 {[%clk 1:29:37]} b4 {[%clk 1:30:40]} 13. Ne2 {[%clk 1:29:40]}
Nxe4 {[%clk 1:25:10]} 14. Qc2 {[%clk 1:29:18]} f5 {[%clk 1:21:41]} 15. c5+ {[%clk
1:25:57]} d5 {[%clk 1:21:19]} 16. Be3 {[%clk 1:25:30]} f4 {[%clk 1:11:27]} 17.
Qxe4 {[%clk 0:55:46]} Kh8 {[%clk 1:11:33]} 18. Bxd5 {[%clk 0:47:33]} cxd5 {[%clk
1:11:09]} 19. Qxd5 {[%clk 0:47:54]} fxe3 {[%clk 1:11:01]} 20. Qxa8 {[%clk
0:45:25]} exf2+ {[%clk 1:11:26]} 21. Kxf2 {[%clk 0:45:51]} Qc7 {[%clk 1:11:50]}
22. Qd5 {[%clk 0:29:33]} exd4 {[%clk 1:07:53]} 23. c6 {[%clk 0:21:20]} Nf6 {[%clk
1:03:18]} 24. Qc4 {[%clk 0:16:17]} Ne4+ {[%clk 0:49:41]} 25. Kg1 {[%clk 0:16:41]}
Bxh3 {[%clk 0:48:20]} 26. Qd3 {[%clk 0:16:49]} Nc5 {[%clk 0:16:14]} 27. Qxd4
{[%clk 0:16:31]} Ne6 {[%clk 0:12:55]} 28. Qe5 {[%clk 0:15:57]} Qb6+ {[%clk
0:09:39]} 29. Kh1 {[%clk 0:15:12]} Qxc6 {[%clk 0:05:02]} 30. Qg3 {[%clk 0:11:07]}
Bf5 {[%clk 0:01:29]} 31. Ned4 {[%clk 0:10:26]} Nxd4 {[%clk 0:01:48]} 32. Rxe7
{[%clk 0:09:27]} Qh6+ {[%clk 0:02:16]} 33. Qh4 {[%clk 0:09:21]} Nc6 {[%clk
0:00:36]} 34. Qxh6 {[%clk 0:09:19]} gxh6 {[%clk 0:01:05]} 35. Rc7 {[%clk
0:07:00]} Be4 {[%clk 0:01:00]} 36. Rc1 {[%clk 0:06:59]} Bxf3 {[%clk 0:00:36]} 37.
gxf3 {[%clk 0:07:23]} Ne5 {[%clk 0:00:53]} 38. Rc8 {[%clk 0:07:16]} Rxc8 {[%clk
0:01:11]} 39. Rxc8+ {[%clk 0:07:41]} Kg7 {[%clk 0:01:38]} 40. Kg2 {[%clk
0:37:49]} Kf6 {[%clk 0:31:14]} 41. Ra8 {[%clk 0:36:49]} 1-0

[Event "European Women's Championship"]
[Site "Vysoke Tatry"]
[Date "2018.04.17"]
[Round "9"]
[White "Arakhamia-Grant, Ketevan"]
[Black "Bodnaruk, Anastasia"]
[Result "0-1"]
[Board "21"]
[WhiteElo "2347"]
[WhiteTitle "GM"]
[WhiteCountry "SCO"]
[WhiteFideId "13600168"]
[WhiteEloChange "-7"]
[BlackElo "2460"]
[BlackTitle "IM"]
[BlackCountry "RUS"]
[BlackFideId "4181751"]
[BlackEloChange "3"]

1. e4 {[%clk 1:30:58]} c5 {[%clk 1:30:56]} 2. g3 {[%clk 1:31:20]} d5 {[%clk
1:28:14]} 3. exd5 {[%clk 1:31:43]} Qxd5 {[%clk 1:28:09]} 4. Nf3 {[%clk 1:32:07]}
Bg4 {[%clk 1:27:00]} 5. Bg2 {[%clk 1:32:29]} Nc6 {[%clk 1:23:29]} 6. h3 {[%clk
1:32:11]} Qe6+ {[%clk 1:18:55]} 7. Kf1 {[%clk 1:32:33]} Bh5 {[%clk 1:19:22]} 8.
d3 {[%clk 1:32:37]} Qd7 {[%clk 1:14:27]} 9. Na3 {[%clk 1:32:29]} e5 {[%clk
1:11:28]} 10. Be3 {[%clk 1:15:49]} Nf6 {[%clk 1:07:44]} 11. Nc4 {[%clk 1:11:00]}
Bd6 {[%clk 0:58:00]} 12. g4 {[%clk 0:44:00]} Bg6 {[%clk 0:58:06]} 13. Nh4 {[%clk
0:44:18]} Be7 {[%clk 0:51:40]} 14. Nxg6 {[%clk 0:36:34]} hxg6 {[%clk 0:50:00]}
15. Qf3 {[%clk 0:33:33]} O-O {[%clk 0:30:04]} 16. Re1 {[%clk 0:33:11]} Rad8
{[%clk 0:23:41]} 17. Kg1 {[%clk 0:20:37]} Nd5 {[%clk 0:21:10]} 18. h4 {[%clk
0:19:42]} b5 {[%clk 0:19:26]} 19. Nd2 {[%clk 0:18:41]} Nxe3 {[%clk 0:16:21]} 20.
Rxe3 {[%clk 0:14:30]} Nd4 {[%clk 0:16:01]} 21. Qd1 {[%clk 0:14:50]} Ne6 {[%clk
0:13:02]} 22. h5 {[%clk 0:14:07]} gxh5 {[%clk 0:08:26]} 23. Rxh5 {[%clk 0:14:10]}
Nf4 {[%clk 0:05:57]} 24. Rh2 {[%clk 0:12:39]} c4 {[%clk 0:04:34]} 25. Ne4 {[%clk
0:08:09]} g6 {[%clk 0:02:17]} 26. g5 {[%clk 0:07:24]} Kg7 {[%clk 0:02:23]} 27.
Qf3 {[%clk 0:04:50]} Rh8 {[%clk 0:02:12]} 28. Rxh8 {[%clk 0:01:34]} Rxh8 {[%clk
0:02:40]} 29. Qg3 {[%clk 0:00:37]} cxd3 {[%clk 0:01:52]} 30. cxd3 {[%clk
0:00:54]} Rh5 {[%clk 0:01:12]} 31. Bf3 {[%clk 0:00:50]} Rh3 {[%clk 0:00:49]} 32.
Qg4 {[%clk 0:01:16]} Qxg4+ {[%clk 0:00:38]} 33. Bxg4 {[%clk 0:01:44]} Rxe3 {[%clk
0:01:00]} 34. fxe3 {[%clk 0:02:11]} Nxd3 {[%clk 0:01:26]} 35. Be2 {[%clk
0:00:56]} Nxb2 {[%clk 0:01:52]} 36. Bxb5 {[%clk 0:00:36]} Nd1 {[%clk 0:02:11]}
37. Kg2 {[%clk 0:00:41]} Nxe3+ {[%clk 0:02:35]} 38. Kf3 {[%clk 0:01:08]} Nc2
{[%clk 0:02:04]} 39. Bd7 {[%clk 0:00:37]} Bd8 {[%clk 0:00:40]} 40. a4 {[%clk
0:30:34]} Nb4 {[%clk 0:30:35]} 41. Bb5 {[%clk 0:26:54]} Nc2 {[%clk 0:23:42]} 42.
Bc4 {[%clk 0:26:42]} Nd4+ {[%clk 0:22:58]} 43. Kg4 {[%clk 0:20:35]} Nf5 {[%clk
0:22:49]} 44. Ba2 {[%clk 0:20:02]} a5 {[%clk 0:22:48]} 45. Nc5 {[%clk 0:16:29]}
Be7 {[%clk 0:14:19]} 46. Nd7 {[%clk 0:09:54]} e4 {[%clk 0:13:08]} 47. Kf4 {[%clk
0:09:39]} e3 {[%clk 0:13:21]} 48. Bc4 {[%clk 0:09:50]} Bxg5+ {[%clk 0:06:28]} 49.
Kxg5 {[%clk 0:08:22]} Nd4 {[%clk 0:06:55]} 50. Nc5 {[%clk 0:03:52]} e2 {[%clk
0:07:19]} 51. Nd3 {[%clk 0:03:44]} Nf3+ {[%clk 0:07:45]} 52. Kf4 {[%clk 0:04:05]}
e1Q {[%clk 0:08:12]} 53. Nxe1 {[%clk 0:04:24]} Nxe1 {[%clk 0:08:39]} 54. Ke5
{[%clk 0:04:27]} g5 {[%clk 0:05:25]} 55. Kf5 {[%clk 0:02:37]} f6 {[%clk 0:05:47]}
56. Bd5 {[%clk 0:02:17]} Nd3 {[%clk 0:05:45]} 57. Bc4 {[%clk 0:01:44]} Nc5 {[%clk
0:05:36]} 58. Bb5 {[%clk 0:02:05]} Kf7 {[%clk 0:05:18]} 59. Bc4+ {[%clk 0:02:07]}
Ke7 {[%clk 0:05:45]} 60. Bb5 {[%clk 0:02:33]} Nb7 {[%clk 0:05:20]} 61. Bc6 {[%clk
0:01:00]} Nd6+ {[%clk 0:05:47]} 0-1

[Event "European Women's Championship"]
[Site "Vysoke Tatry"]
[Date "2018.04.17"]
[Round "9"]
[White "Kashlinskaya, Alina"]
[Black "Gvanceladze, Anna"]
[Result "1-0"]
[Board "22"]
[WhiteElo "2450"]
[WhiteTitle "IM"]
[WhiteCountry "RUS"]
[WhiteFideId "4198026"]
[WhiteEloChange "3"]
[BlackElo "2302"]
[BlackTitle "WFM"]
[BlackCountry "RUS"]
[BlackFideId "4113721"]
[BlackEloChange "-6"]

1. d4 {[%clk 1:30:58]} d5 {[%clk 1:29:19]} 2. c4 {[%clk 1:31:20]} c6 {[%clk
1:29:42]} 3. Nf3 {[%clk 1:31:45]} Nf6 {[%clk 1:30:06]} 4. Nc3 {[%clk 1:32:05]}
dxc4 {[%clk 1:30:28]} 5. a4 {[%clk 1:32:30]} Na6 {[%clk 1:30:53]} 6. e4 {[%clk
1:26:11]} Bg4 {[%clk 1:31:09]} 7. Bxc4 {[%clk 1:26:31]} Bxf3 {[%clk 1:31:33]} 8.
Qxf3 {[%clk 1:22:12]} Qxd4 {[%clk 1:31:36]} 9. Bxa6 {[%clk 1:21:51]} bxa6 {[%clk
1:32:00]} 10. O-O {[%clk 1:22:02]} e6 {[%clk 1:31:12]} 11. Rd1 {[%clk 1:16:42]}
Qe5 {[%clk 1:20:09]} 12. Bf4 {[%clk 1:08:52]} Qa5 {[%clk 1:11:27]} 13. Rac1
{[%clk 1:00:58]} Be7 {[%clk 1:07:42]} 14. Bd6 {[%clk 0:51:44]} Bxd6 {[%clk
1:04:35]} 15. Rxd6 {[%clk 0:51:36]} Rc8 {[%clk 0:57:57]} 16. e5 {[%clk 0:47:12]}
Qxe5 {[%clk 0:56:11]} 17. Rxc6 {[%clk 0:46:59]} O-O {[%clk 0:56:34]} 18. Rxa6
{[%clk 0:46:42]} Qb8 {[%clk 0:49:58]} 19. Rb1 {[%clk 0:41:43]} Rfd8 {[%clk
0:44:09]} 20. h3 {[%clk 0:41:23]} Rd7 {[%clk 0:35:13]} 21. b4 {[%clk 0:34:39]}
Rdc7 {[%clk 0:28:18]} 22. Ne2 {[%clk 0:34:35]} Nd5 {[%clk 0:28:14]} 23. b5 {[%clk
0:34:24]} Rc2 {[%clk 0:23:42]} 24. Rd1 {[%clk 0:29:29]} h6 {[%clk 0:18:28]} 25.
Nd4 {[%clk 0:25:50]} R2c3 {[%clk 0:14:31]} 26. Qg4 {[%clk 0:25:24]} Nf6 {[%clk
0:11:36]} 27. Qe2 {[%clk 0:25:00]} Nd5 {[%clk 0:09:26]} 28. Nc6 {[%clk 0:20:14]}
Qf4 {[%clk 0:08:54]} 29. Rxa7 {[%clk 0:18:58]} Rc1 {[%clk 0:05:51]} 30. Rxc1
{[%clk 0:18:09]} Qxc1+ {[%clk 0:06:20]} 31. Kh2 {[%clk 0:18:17]} Qc5 {[%clk
0:04:39]} 32. Qf3 {[%clk 0:17:48]} Rc7 {[%clk 0:04:01]} 33. Ra8+ {[%clk 0:16:53]}
Kh7 {[%clk 0:04:28]} 34. Qe4+ {[%clk 0:17:09]} f5 {[%clk 0:04:00]} 35. Qxe6
{[%clk 0:16:56]} Nb6 {[%clk 0:03:57]} 36. Re8 {[%clk 0:14:43]} Qd5 {[%clk
0:01:59]} 37. Qxd5 {[%clk 0:14:21]} Nxd5 {[%clk 0:02:28]} 38. a5 {[%clk 0:13:50]}
Nc3 {[%clk 0:02:46]} 39. b6 {[%clk 0:13:59]} Rb7 {[%clk 0:02:11]} 40. Re7 {[%clk
0:43:26]} 1-0

[Event "European Women's Championship"]
[Site "Vysoke Tatry"]
[Date "2018.04.17"]
[Round "9"]
[White "Ozturk, Kubra"]
[Black "Zawadzka, Jolanta"]
[Result "0-1"]
[Board "23"]
[WhiteElo "2295"]
[WhiteTitle "WGM"]
[WhiteCountry "TUR"]
[WhiteFideId "6302599"]
[WhiteEloChange "-6"]
[BlackElo "2442"]
[BlackTitle "WGM"]
[BlackCountry "POL"]
[BlackFideId "1122320"]
[BlackEloChange "3"]

1. d4 {[%clk 1:30:57]} d5 {[%clk 1:30:54]} 2. c4 {[%clk 1:31:16]} e6 {[%clk
1:31:20]} 3. Nf3 {[%clk 1:31:33]} Nf6 {[%clk 1:31:43]} 4. Nc3 {[%clk 1:31:44]} c6
{[%clk 1:32:05]} 5. e3 {[%clk 1:31:57]} a6 {[%clk 1:32:25]} 6. b3 {[%clk
1:32:05]} Bb4 {[%clk 1:32:43]} 7. Bd2 {[%clk 1:32:27]} Nbd7 {[%clk 1:33:05]} 8.
Bd3 {[%clk 1:32:28]} O-O {[%clk 1:33:25]} 9. O-O {[%clk 1:32:25]} Qe7 {[%clk
1:33:18]} 10. Qc2 {[%clk 1:28:37]} e5 {[%clk 1:32:35]} 11. dxe5 {[%clk 1:27:16]}
Nxe5 {[%clk 1:32:57]} 12. Nxe5 {[%clk 1:27:14]} Qxe5 {[%clk 1:33:19]} 13. Nxd5
{[%clk 1:24:15]} Nxd5 {[%clk 1:33:40]} 14. cxd5 {[%clk 1:24:36]} Bxd2 {[%clk
1:34:01]} 15. Qxd2 {[%clk 1:24:49]} Qxd5 {[%clk 1:34:15]} 16. Qc2 {[%clk
1:20:55]} Qh5 {[%clk 1:29:13]} 17. f4 {[%clk 1:18:11]} Re8 {[%clk 1:23:32]} 18.
e4 {[%clk 1:11:59]} Bd7 {[%clk 1:20:35]} 19. Rae1 {[%clk 1:01:45]} Rad8 {[%clk
1:16:05]} 20. e5 {[%clk 0:55:50]} Qh4 {[%clk 1:09:59]} 21. g3 {[%clk 0:51:48]}
Qh6 {[%clk 1:09:38]} 22. f5 {[%clk 0:47:03]} Bc8 {[%clk 1:03:13]} 23. Rf4 {[%clk
0:42:02]} Kh8 {[%clk 0:53:16]} 24. Qc3 {[%clk 0:26:13]} Qg5 {[%clk 0:51:12]} 25.
Kg2 {[%clk 0:16:30]} Kg8 {[%clk 0:47:23]} 26. f6 {[%clk 0:05:41]} g6 {[%clk
0:46:15]} 27. h4 {[%clk 0:05:50]} Qh6 {[%clk 0:46:03]} 28. Rd4 {[%clk 0:05:01]}
Qf8 {[%clk 0:38:52]} 29. h5 {[%clk 0:03:18]} Rxd4 {[%clk 0:34:54]} 30. Qxd4
{[%clk 0:03:46]} Qh6 {[%clk 0:35:14]} 31. Be2 {[%clk 0:02:50]} Qg5 {[%clk
0:34:36]} 32. Bf3 {[%clk 0:02:42]} gxh5 {[%clk 0:28:02]} 33. Qh4 {[%clk 0:02:50]}
Qxh4 {[%clk 0:28:13]} 34. gxh4 {[%clk 0:03:19]} Rd8 {[%clk 0:28:26]} 35. Kg3
{[%clk 0:02:35]} Be6 {[%clk 0:27:05]} 36. Kf4 {[%clk 0:02:39]} Kf8 {[%clk
0:26:35]} 37. Bxh5 {[%clk 0:01:47]} c5 {[%clk 0:25:33]} 38. Bf3 {[%clk 0:01:37]}
b5 {[%clk 0:25:24]} 39. Ke3 {[%clk 0:01:39]} c4 {[%clk 0:24:51]} 40. bxc4 {[%clk
0:31:44]} Bxc4 {[%clk 0:52:49]} 41. Be4 {[%clk 0:31:32]} h6 {[%clk 0:51:00]} 42.
a3 {[%clk 0:30:51]} a5 {[%clk 0:48:58]} 43. Rc1 {[%clk 0:29:59]} Be6 {[%clk
0:47:46]} 44. Rb1 {[%clk 0:29:29]} Rb8 {[%clk 0:47:10]} 45. Kd4 {[%clk 0:21:49]}
b4 {[%clk 0:45:35]} 46. a4 {[%clk 0:18:16]} Rc8 {[%clk 0:44:59]} 47. Rb2 {[%clk
0:16:32]} Rc4+ {[%clk 0:44:22]} 48. Ke3 {[%clk 0:15:16]} Bd7 {[%clk 0:42:17]} 49.
Rd2 {[%clk 0:13:55]} Ke8 {[%clk 0:42:24]} 50. Bd5 {[%clk 0:10:46]} Rc3+ {[%clk
0:40:20]} 51. Kf4 {[%clk 0:09:58]} Bc6 {[%clk 0:38:29]} 52. Kf5 {[%clk 0:04:51]}
b3 {[%clk 0:28:21]} 53. Bxc6+ {[%clk 0:02:28]} Rxc6 {[%clk 0:28:47]} 54. Rb2
{[%clk 0:02:46]} Rb6 {[%clk 0:29:07]} 55. e6 {[%clk 0:02:18]} fxe6+ {[%clk
0:28:55]} 56. Kg6 {[%clk 0:02:46]} Rb4 {[%clk 0:25:09]} 57. f7+ {[%clk 0:01:30]}
Ke7 {[%clk 0:24:04]} 58. Rf2 {[%clk 0:01:35]} Rb8 {[%clk 0:24:04]} 59. Kxh6
{[%clk 0:01:27]} Kf8 {[%clk 0:23:10]} 60. Rb2 {[%clk 0:01:32]} Kxf7 {[%clk
0:23:31]} 61. Kg5 {[%clk 0:01:59]} Kg7 {[%clk 0:23:24]} 62. h5 {[%clk 0:02:16]}
Rb7 {[%clk 0:22:56]} 63. Kf4 {[%clk 0:01:22]} Kh6 {[%clk 0:23:15]} 64. Ke5 {[%clk
0:01:40]} Rb6 {[%clk 0:23:19]} 65. Kd4 {[%clk 0:02:05]} Kxh5 {[%clk 0:23:16]} 66.
Kc5 {[%clk 0:02:32]} Rb4 {[%clk 0:23:33]} 67. Kd6 {[%clk 0:02:56]} Kg4 {[%clk
0:23:28]} 68. Kxe6 {[%clk 0:03:08]} Kf4 {[%clk 0:23:42]} 69. Kd5 {[%clk 0:03:35]}
Ke3 {[%clk 0:24:05]} 0-1

[Event "European Women's Championship"]
[Site "Vysoke Tatry"]
[Date "2018.04.17"]
[Round "9"]
[White "Hoang, Thanh Trang"]
[Black "Yildiz Kadioglu, Betul Cemre"]
[Result "1-0"]
[Board "24"]
[WhiteElo "2437"]
[WhiteTitle "GM"]
[WhiteCountry "HUN"]
[WhiteFideId "12400149"]
[WhiteEloChange "3"]
[BlackElo "2286"]
[BlackTitle "WGM"]
[BlackCountry "TUR"]
[BlackFideId "6302920"]
[BlackEloChange "-6"]

1. d4 {[%clk 1:30:50]} d5 {[%clk 1:30:57]} 2. Bf4 {[%clk 1:30:52]} c5 {[%clk
1:31:17]} 3. e3 {[%clk 1:31:08]} Nc6 {[%clk 1:31:36]} 4. c3 {[%clk 1:27:50]} Nf6
{[%clk 1:25:42]} 5. Nf3 {[%clk 1:27:26]} Qb6 {[%clk 1:25:33]} 6. Qc2 {[%clk
1:26:50]} cxd4 {[%clk 1:13:55]} 7. exd4 {[%clk 1:26:23]} Bf5 {[%clk 1:13:00]} 8.
Qb3 {[%clk 1:24:20]} e6 {[%clk 1:12:33]} 9. Qxb6 {[%clk 1:21:44]} axb6 {[%clk
1:13:01]} 10. Nbd2 {[%clk 1:21:52]} Be7 {[%clk 1:09:11]} 11. h3 {[%clk 1:20:36]}
Ne4 {[%clk 1:06:02]} 12. Bb5 {[%clk 1:03:00]} O-O {[%clk 0:58:49]} 13. Ne5 {[%clk
1:00:03]} Nxe5 {[%clk 0:52:30]} 14. Bxe5 {[%clk 0:59:48]} Nd6 {[%clk 0:46:04]}
15. Be2 {[%clk 0:59:03]} Rfc8 {[%clk 0:43:20]} 16. O-O {[%clk 0:58:29]} Ne4
{[%clk 0:40:55]} 17. Nxe4 {[%clk 0:53:18]} Bxe4 {[%clk 0:40:25]} 18. Rfe1 {[%clk
0:53:20]} Bc2 {[%clk 0:39:11]} 19. Rac1 {[%clk 0:50:46]} Bg6 {[%clk 0:31:46]} 20.
a3 {[%clk 0:50:38]} h6 {[%clk 0:30:56]} 21. Bf4 {[%clk 0:49:28]} Bf6 {[%clk
0:29:18]} 22. Bb5 {[%clk 0:43:17]} Ra5 {[%clk 0:26:56]} 23. Bf1 {[%clk 0:42:08]}
Raa8 {[%clk 0:26:50]} 24. Kh2 {[%clk 0:33:58]} Be4 {[%clk 0:26:04]} 25. g4 {[%clk
0:30:56]} Bh4 {[%clk 0:25:26]} 26. Bg3 {[%clk 0:29:52]} Bg5 {[%clk 0:21:53]} 27.
Ra1 {[%clk 0:29:15]} Bf6 {[%clk 0:18:39]} 28. Be2 {[%clk 0:28:17]} Be7 {[%clk
0:14:29]} 29. f3 {[%clk 0:25:38]} Bc2 {[%clk 0:13:02]} 30. Rac1 {[%clk 0:25:06]}
Bb3 {[%clk 0:13:18]} 31. Bd3 {[%clk 0:24:36]} Bc4 {[%clk 0:07:16]} 32. Bc2 {[%clk
0:24:38]} Bb5 {[%clk 0:07:43]} 33. f4 {[%clk 0:21:48]} Bd7 {[%clk 0:07:44]} 34.
f5 {[%clk 0:19:34]} Bg5 {[%clk 0:08:07]} 35. fxe6 {[%clk 0:16:01]} fxe6 {[%clk
0:08:23]} 36. Rcd1 {[%clk 0:16:19]} Rf8 {[%clk 0:08:05]} 37. Rf1 {[%clk 0:11:49]}
Bb5 {[%clk 0:08:19]} 38. Rxf8+ {[%clk 0:11:48]} Rxf8 {[%clk 0:08:46]} 39. Re1
{[%clk 0:11:59]} Bd7 {[%clk 0:06:36]} 40. Kg2 {[%clk 0:41:09]} Bd2 {[%clk
0:31:32]} 41. Re2 {[%clk 0:39:40]} Bc1 {[%clk 0:18:55]} 42. Bd3 {[%clk 0:38:28]}
b5 {[%clk 0:18:45]} 43. Bd6 {[%clk 0:36:20]} Rf6 {[%clk 0:15:08]} 44. h4 {[%clk
0:35:25]} g5 {[%clk 0:12:35]} 45. h5 {[%clk 0:32:12]} Rf7 {[%clk 0:04:07]} 46.
Bg6 {[%clk 0:31:27]} Rf6 {[%clk 0:04:36]} 47. b3 {[%clk 0:21:26]} Bc6 {[%clk
0:02:44]} 48. Ra2 {[%clk 0:18:11]} Be3 {[%clk 0:01:57]} 49. a4 {[%clk 0:17:00]}
bxa4 {[%clk 0:02:08]} 50. bxa4 {[%clk 0:17:20]} Bc1 {[%clk 0:01:50]} 51. Rc2
{[%clk 0:15:15]} Be3 {[%clk 0:01:59]} 52. Rb2 {[%clk 0:15:02]} Bc1 {[%clk
0:01:56]} 53. Rb1 {[%clk 0:10:10]} Be3 {[%clk 0:02:17]} 54. a5 {[%clk 0:09:10]}
Rf2+ {[%clk 0:01:35]} 55. Kg3 {[%clk 0:09:31]} Ra2 {[%clk 0:01:32]} 56. Rf1
{[%clk 0:09:16]} Bf4+ {[%clk 0:00:45]} 57. Bxf4 {[%clk 0:09:29]} gxf4+ {[%clk
0:01:13]} 58. Kxf4 {[%clk 0:08:58]} Rxa5 {[%clk 0:00:48]} 59. Ke5 {[%clk
0:07:49]} Ra3 {[%clk 0:00:42]} 60. Rf3 {[%clk 0:06:45]} Ra1 {[%clk 0:00:36]} 61.
Bf7+ {[%clk 0:05:50]} Kg7 {[%clk 0:01:05]} 62. Bxe6 {[%clk 0:06:02]} Re1+ {[%clk
0:01:18]} 63. Kd6 {[%clk 0:06:14]} Re4 {[%clk 0:01:40]} 64. Rf7+ {[%clk 0:05:51]}
Kh8 {[%clk 0:02:08]} 65. Rf6 {[%clk 0:05:30]} Re3 {[%clk 0:01:32]} 66. Rxh6+
{[%clk 0:05:47]} Kg7 {[%clk 0:02:01]} 67. Rg6+ {[%clk 0:06:08]} Kh7 {[%clk
0:02:26]} 68. g5 {[%clk 0:03:23]} Rxc3 {[%clk 0:02:47]} 69. Rg8 {[%clk 0:03:24]}
Rg3 {[%clk 0:01:31]} 70. g6+ {[%clk 0:03:46]} Kh6 {[%clk 0:02:00]} 71. Rh8+
{[%clk 0:04:06]} Kg7 {[%clk 0:02:17]} 72. Rh7+ {[%clk 0:04:19]} Kf6 {[%clk
0:02:43]} 73. Rf7+ {[%clk 0:04:26]} Kg5 {[%clk 0:03:12]} 74. g7 {[%clk 0:04:42]}
Kh6 {[%clk 0:03:07]} 75. Bxd5 {[%clk 0:02:28]} Kxh5 {[%clk 0:00:52]} 76. g8Q
{[%clk 0:02:12]} Rxg8 {[%clk 0:01:11]} 77. Rh7+ {[%clk 0:02:36]} 1-0